World Map 6 x 16 Puzzle, find all micro-nations - Statistics

General Stats
  • This quiz has been taken 244 times
  • The average score is 10 of 27
Answer Stats
Square % Correct
9 3 - Andorra, Liechtenstein, Monaco
79%
7 3 - Malta, San Marino, Vatican City
77%
7 4 - Kiribati (3), Marshall Islands (4), Tuvalu, Nauru (2)
68%
8 7 - Antigua and Barbuda, Barbados, Dominica, Grenada, Saint Kitts and Nevis, Saint Lucia, Saint Vincent and the Grenadines
63%
2 3 - Federated States of Micronesia (4), Nauru (2), Marshall Islands (4)
63%
1 1 - Tonga
59%
1 2 - Maldives, Seychelles (2)
58%
1 1 - Singapore
56%
6 1 - Bahrain
54%
4 2 - Palau, Federated States of Micronesia (4)
54%
1 1 - São Tomé and Príncipe
51%
5 1 - Seychelles (2)
46%
3 2 - Federated States of Micronesia (4), Marshall Islands (4)
42%
6 1 - Kiribati (3)
42%
3 1 - Federated States of Micronesia (4)
36%
3 1 - Kiribati (3)
35%
8 1 - Marshall Islands (4)
34%
4%
4%
4%
4%
4%
3%
3%
3%
3%
3%
No matching quizzes found
Score Distribution
Percent of People with Each Score
Percentile by Number Answered
Your Score History
You have not taken this quiz